| 000 | 01302cab a2200193 4500 | ||
|---|---|---|---|
| 001 | L129758 | ||
| 008 | 050518n2005 000 0 eng u | ||
| 035 | _a(Sirsi) u129758 | ||
| 041 | _aeng | ||
| 100 | _aLane, Thomas | ||
| 245 | _a'If our neighbours have people around for a dinner party we go out - I would rather sleep on a friend's floor for the night' | ||
| 260 | _c2005 | ||
| 490 |
_aBuilding _v270(8380) 6 May 2005, 26-29(4) |
||
| 520 | _aDiscusses the problems of a group of residents in a block of flats situated in the Greenwich Millennium Village who are suffering high levels of noise transmission between their apartments. This has turned into a major dispute with the developer, Greenwich Millennium Village Ltd, housebuilder Countryside Properties and warranty provider NHBC. An acoustic test was carried out in the buildings which passed the requirements of the Building Regulations 1991 Approved Document E (1992 edition) but the residents have continued to insist on further action to be taken to solve the problem. The developers have taken over one flat in order to examine the causes of the noise. | ||
| 590 | _aIKA190505 | ||
| 650 | _aBUILDING REGULATIONS 1991 APPROVED DOCUMENT E (1992 EDITION) | ||
| 690 | _aBUILT ENVIRONMENT-CONSTRUCTION DESIGN-ACOUSTICS | ||
| 942 | _n0 | ||
| 999 |
_c75253 _d75253 |
||